Half/half: Sights 1 [pic] - Statistics

General Stats
  • This quiz has been taken 9 times
  • The average score is 5 of 16
Answer Stats
Picture Answer % Correct
Eiffel Tower
100%
Louvre
63%
Sphinx of Giza
63%
Christ the Redeemer
50%
Uluru
50%
Moulin Rouge
38%
Notre-Dame de Fourvière
38%
Bruce Lee Statue
13%
Carcassonne
13%
European Parliament
13%
Space Needle
13%
Château de Chenonceau
0%
Cloud Gate
0%
Genghis Khan Statue
0%
Museo Soumaya
0%
Place Masséna
0%
No matching quizzes found
Score Distribution
Percent of People with Each Score
Percentile by Number Answered
Your Score History
You have not taken this quiz